| 000 | 00000nam 2200000zi 4500 |
| 001 | 9.945301 |
| 003 | CaOODSP |
| 005 | 20241125143633 |
| 006 | m o d f |
| 007 | cr |n||||||||| |
| 008 | 241101e20241105onc ob f|0| 0 eng d |
| 040 | |aCaOODSP|beng|erda|cCaOODSP |
| 043 | |an-cn--- |
| 086 | 1 |aYN5-293/2024E-PDF |
| 100 | 1 |aPerrault, Louis, |eauthor. |
| 245 | 10|aCosting personal income tax changes : |bthe role of the elasticity of taxable income / |cLouis Perrault, Advisor-Analyst. |
| 264 | 1|aOttawa : |bOffice of the Parliamentary Budget Officer = Bureau du directeur parlementaire du budget, |cNovember 5, 2024. |
| 264 | 4|c©2024 |
| 300 | |a1 online resource (18 pages) |
| 336 | |atext|btxt|2rdacontent |
| 337 | |acomputer|bc|2rdamedia |
| 338 | |aonline resource|bcr|2rdacarrier |
| 500 | |aIssued also in French under title: Le rôle de l'élasticité du revenu imposable dans l'évaluation des coûts des modifications à l'impôt. |
| 500 | |a"RP-2425-019-S_e." |
| 504 | |aIncludes bibliographical references (pages 14-15). |
| 650 | 0|aTax revenue estimating|zCanada. |
| 710 | 1 |aCanada. |bOffice of the Parliamentary Budget Officer, |eissuing body. |
| 775 | 08|tLe rôle de l'élasticité du revenu imposable dans l'évaluation des coûts des modifications à l'impôt / |w(CaOODSP)9.945524 |
| 856 | 40|qPDF|s1.28 MB|uhttps://publications.gc.ca/collections/collection_2024/dpb-pbo/YN5-293-2024-eng.pdf |
| 856 | 4 |qHTML|sN/A|uhttps://www.pbo-dpb.ca/en/publications/RP-2425-019-S--costing-personal-income-tax-changes-role-elasticity-taxable-income--role-elasticite-revenu-imposable-dans-evaluation-couts-modifications-impot |